000 00472nam a22001817a 4500
008 180730b xxu||||| |||| 00| | tur d
020 _a9756363517
041 _atur
050 _aPL248.A5838
100 _aAltan, Ahmet
_91220
245 _aİçimizde Bir Yer
250 _a1.Baskı
260 _aİstanbul
_bAlkım
_cMayıs 2004
300 _a158 Sayfa
500 _aAlkım / 52 * Edebiyat -21 * Anlatı -2
650 0 _9145
_aTürk Edebiyatı
942 _2lcc
_cBK
999 _c2342
_d2301